000 00294nam a2200121Ia 4500
008 220204s9999 xx 000 0 und d
082 _a631.4
_bPAT
100 _aPaton, T R
245 0 _aSoils : A new global view
260 _aLondon
_bUCL Press
_c1995
650 _aSoil formation
942 _cBK
999 _c41770
_d41770